000 01545nam a2200349 c 4500
003 BLK
005 20250404095418.0
008 180411b bul|||||r ||||||| ||bul||
010 _aKNG00178513000
020 _a978-619-186-114-9
_bиздат.: Жанет 45
040 _aBLK
041 _aBUL
_cBUL
072 7 _2bullib
_aН83
_xЧужда художествена литература Н
080 _aКубинска литература
_b821.134.2(729.1)
_x-31
_z821.134.2(729.1)-31
100 1 _aКабрера Инфанте, Гилермо
_eпърви автор
_974622
700 1 _aСтоянов, Румен Бориславов
_d1941-
_gПоет, есеист. Преводач от испански и португалски език
_9125948
139 _aКабрера Инфанте, Гилермо
_bК 12
245 1 0 _aТри тъжни тигъра
_bРоман
_cГилермо Кабрера Инфанте; прев. от исп. Румен Бориславов Стоянов.
257 _aCUB
260 Пловдив
_bЖанет 45
_c2014
300 _a560 с.
_c20 см
380 _aX
500 _aОриг. загл. Tres tristes tigres / Guillermo Cabrera Infante. - Съдържа и за авт. и прев.
653 _aромани
659 _aН
852 _aЦб 275535
856 4 _qpdf
_u
856 4 _qpdf
_u
942 _cKNG
_n0
944 _aCR
_c20.07.2015
_lГеновева Генчева
_k30560
944 _aED
_c13.10.2016
_lф /
_kВиолета_Тройчева
999 _c170374
_d170374